Régions et villes autonomes d'Espagne - Statistiques

Statistiques générales
  • Ce quiz a été pris 200 fois
  • Le résultat moyen est 13 sur 19
Statistiques - réponses
Superficies des Régions Réponse % Correct
32 114 km² Catalogne
90%
8 028 km² Communauté de Madrid
87%
87 268 km² Andalousie
85%
7 234 km² Communauté autonome basque
78%
23 255 km² Communauté valencienne
76%
29 574 km² Galice
75%
94 223 km² Castille-et-Leon
67%
4 992 km² Iles Baléares
67%
47 719 km² Aragon
65%
7 447 km² Canaries
64%
10 604 km² Principauté des Asturies
64%
11 313 km² Région de Murcie
64%
19 km² Ceuta
61%
79 463 km² Castille-La Manche
60%
10 391 km² Communauté forale de Navarre
56%
13 km² Melilla
54%
5 045 km² La Rioja
50%
5 321 km² Cantabrie
48%
41 634 km² Estrémadure
47%
Aucun quiz correspondant
Distribution des résultats
% des personnes avec chaque résultat
Percentile par nombre de réponses
Votre historique - résultats
Vous n’avez pas pris ce quiz